000 00425nam a2200181Ia 4500
005 20240823021542.0
008 240823s9999||||xx |||||||||||||| ||und||
041 _aENGLISH
082 _A658.15 P6
100 _aRadha
245 0 _aFinancial Services
250 _a1st
260 _c2006
_b"Prasanna Publishers,Ch"
_aChennai
500 _aYES
650 _aFinance
_bManagement Studies
942 _cBK
999 _c177256
_d177256